01078nas a2200253Ia 4500001001100000003000900011008004100020040001300061040001300074041001300087100003800100210001900138222001900157245010800176250001100284260004100295501008600336300002000422362003500442500026200477650003900739700001700778700002900795R452/G8577IT-RoPAU151124c99999999xx |||||||||||| ||und|| aIT-RoPAU cIT-RoPAU aITALIANO aAA.VV. gCodice Aut. SPICS: 12000 aVITA PASTORALE aVita Pastorale aVITA PASTORALE, ANNO 89-N.11 (NOVEMBRE 2001)bDossier: Le Qualita' Del Cristiano: Prudenza E Temperanza a1a ed. aALBA (CN)bPERIODICI SAN PAOLOc2001 bPaulus - SPICS - Società San Paolo EM (non-commercial uses only)cCopyright2015 a26 p. [116-141] aANNO 089, N.11 (NOVEMBRE 2001) aUn Vangelo Umanamente Sconcertante di R. Cavedo. La Virtù Incontrollata Diventa Vizio di G. Muraro. La Moda Sociale Impone la Trasgressione? Cogito Ergo Sum O Consumo Ergo Sum? di F. Garelli. Rapporto tra Cibo, Salute, Ambiente e Giustizia Sociale: gli As aPASTORALEvPUBBLICAZIONE PERIODICA aCavedo Romeo gCodice Aut. SPICS: 36418